Mixture of Expert Used to Learn Game Play

Na minha lista:
Detalhes bibliográficos
Main Authors: Lacko, Peter, 1980- (Author), Kvasnička, Vladimír, 1941- (Author)
Formato: Artigo
Idioma:inglês
Assuntos:
Tags: Adicionar Tag
Sem tags, seja o primeiro a adicionar uma tag!

MARC

LEADER 00000naa a22000003a 4500
001 stu169297
005 20221027143137.2
008 080911s2008------------------------eng-d
024 |a 2-s2.0-58849165855  |2 SCOPUS 
024 |a 000259566200024  |2 WOS 
040 |a STU  |b slo 
041 0 |a eng 
100 1 |a Lacko, Peter,  |d 1980-  |4 aut  |u I200  |9 50  |U FIIT Fakulta informatiky a informačných technológií  |T FIIT Ústav informatiky a softvérového inžinierstva  |X 1780  |U I200  |Y 179  |7 1780 
242 0 0 |a Zmesi expertov použité na učenie hrania hry  |y slo 
245 1 |a Mixture of Expert Used to Learn Game Play 
650 7 |a multiagentové systémy  |2 stusub 
650 7 |a neurónové siete  |2 stusub 
650 7 |a množina expertov  |2 stusub 
700 1 |a Kvasnička, Vladimír,  |d 1941-  |4 aut  |u I300  |9 50  |U FIIT Fakulta informatiky a informačných technológií  |T FIIT Ústav aplikovanej informatiky  |X 1789  |U I300  |Y 180  |7 A000001789 
773 0 |t Lecture Notes in Computer Science : Proceedings  |w stu_us_cat*stu169296  |g Vol. 5163 Artificial Neural Networks - ICANN 2008, Part I, 18th International Conference, Prague, CzR, September 2008 (2008), s. 225-234  |z 978-3-540-87535-2  |7 nnas 
996 |b I5960  |c I*5960  |l II680  |s A  |a 24  |w stu169297_0002